| 000 | 01852cam a22004574i 4500 | ||
|---|---|---|---|
| 003 | PE-LiUPU | ||
| 005 | 20250731173153.0 | ||
| 008 | 150623s r 000 0 d | ||
| 020 | _a0828013616 | ||
| 035 | _a(Sirsi) i9780828013611 | ||
| 040 |
_aPE-LiUPU _bspa _cPE-LiUPU _erda |
||
| 049 | _aPRUA | ||
| 082 | 0 | 4 |
_a223.8 _bL61 _221 |
| 100 | 1 |
_aLichtenwalter, Larry Lee, _d1950-, _eautor. |
|
| 245 | 1 | 0 |
_aWell-Driven nails : _bhow to find contentment in a disappointing world / _cLarry Lee Lichtenwalter. |
| 264 | 1 |
_aHagerstown, MD : _bReview and Herald Publishing Association, _c1999. |
|
| 300 |
_a203 páginas ; _c23 cm. |
||
| 336 |
_atext _2rdacontent |
||
| 337 |
_aunmediated _2rdamedia |
||
| 338 |
_avolume _2rdacarrier |
||
| 504 | _aIncluye bibliografía. | ||
| 505 | 0 | _aBeen there. Done that. Wow what?. Channels and nothin's on. We'll burn our skis for uhler. Life between bookends-no time outs. Wiring your brain for eternity. When all you've ever wanted isn't enough. Honey, I shrunk the kids! no, it was God!. Reality bites and ready-to-wear religion. Waxen wings and the neanderthal child. My fair lady. | |
| 526 | _aSEG42 | ||
| 526 | _aSEG41 | ||
| 526 | _aSEG40 | ||
| 526 | _aSEG39 | ||
| 526 | _aP94 | ||
| 526 | _aP87 | ||
| 526 | _aP86 | ||
| 526 | _aP85 | ||
| 526 | _aP77 | ||
| 526 | _aP76 | ||
| 526 | _aP35 | ||
| 630 |
_aBiblia. _pA.T. _pEclesiastés _xComentarios. |
||
| 942 |
_2ddc _cBOOK |
||
| 949 |
_a223.8 L61 _wDEWEY _c1 _i53499 _lCCODEBUL1 _mBUL _p12.00 _r0 _sY _tBOOK _u2015-6-24 _xTEOLOGIA _PP35 _0COMPRA _o.STAFF. Colección General |
||
| 994 |
_aC0 _bPEPRU |
||
| 596 | _a1 | ||
| 999 |
_a223.8 L61 _wDEWEY _c35500 _i53499 _f2021-11-11 _g5 _lCCODEBUL1 _mBUL _p12.00 _r0 _sY _tBOOK _u2015-6-24 _xTEOLOGIA _PP35 _0COMPRA _o.STAFF. Colección General _d35500 |
||
| 980 |
_81 _gALBERTO SANCHEZ Responsable de Automatización |
||